00657nam a2200229 a 4500001001300000003000900013005001700022008004100039020001000080082001500090245002300105260004600128300000800174500003500182505001300217650002500230710002700255902000800282942000700290952011500297999001500412nice12345678IN_TiNIC20260116011912.0050524s0000 staa grp 000 0 eng  ac10000a231.7bSTA aPerfect Revelation aStanfordbStanford University Pressc0000 a70p aincludes index and biblioraphy2 aAppendix aRevelation-Christian2 aStanford College Press bSRS cBK 001040708StackRoom-aHMIbHMId2007-06-15g100.00l0o231.7 STAp07692r2007-06-15v100.00w2005-05-24yBK c4829d4829